| 000 | 00752nam a22002177a 4500 | ||
|---|---|---|---|
| 999 |
_c17941 _d17941 |
||
| 003 | AR-CdUCM | ||
| 008 | 190510b ||||| |||| 00| 0 spa d | ||
| 040 |
_aMUNICIPALIDAD PROVINCIAL DEL CUSCO _cBIBLIOTECA MUNICIPAL DEL CUSCO |
||
| 082 |
_a781 / _bM29 |
||
| 100 |
_aMauclair, Camille _926002 |
||
| 245 | _aLa religión de la música / | ||
| 260 |
_aBarcelona : _bSociedad general de publicaciones, |
||
| 300 |
_a216 páginas ; _c18 cm. |
||
| 440 |
_aBiblioteca Flores y frutos ; _n1 _938217 |
||
| 505 | _aContenido: El sentido intimo de la música -- Proposiciones sobre la música. | ||
| 650 |
_aMúsica _91443 |
||
| 650 |
_aReligión _91195 |
||
| 700 |
_aBorrás, José M. (traductor) _929604 |
||
| 942 |
_2ddc _cLIBROS |
||
| 945 |
_aacv _d2019-05-10 |
||